Loreto College Library, Kolkata
WEBOPAC (ONLINE PUBLIC ACCESS CATALOGUE)

The Greatest story ever told (Record no. 23337)

MARC details
000 -LEADER
fixed length control field 00515nam a2200193Ia 4500
005 - DATE AND TIME OF LATEST TRANSACTION
control field 20230912151250.0
008 - FIXED-LENGTH DATA ELEMENTS--GENERAL INFORMATION
fixed length control field 131103s9999 xx 000 0 und d
040 ## - CATALOGING SOURCE
Original cataloging agency Loreto College
041 ## - LANGUAGE CODE
Language code English
082 ## - DDC | ডিউই
Classification number | বর্গসংখ্যা 232.9
Book Number | গ্রন্থাঙ্ক OUR
100 ## - MAIN ENTRY--PERSONAL NAME | মুখ্য সংলেখ - ব্যাক্তিনাম
Personal name | ব্যাক্তিনাম Oursler, Fulton
245 #4 - TITLE STATEMENT | অাখ্যা বিবরণী
Title | অাখ্যা The Greatest story ever told
Statement of responsibility | লেখকের দায়িত্বের বিবরণ by Fulton Oursler
260 ## - IMPRINT | প্রকাশনা ক্ষেত্র
Place of publication | প্রকাশ স্থান Kingswood
Name of publisher | প্রকাশকের নাম The World's Work
Date of publication | প্রকাশ কাল 1913
300 ## - PHYSICAL DESCRIPTION |
Page / Vol. No | পৃষ্ঠা / খন্ড সংখ্যা xiii,365p.
440 ## - SERIES STATEMENT |গ্রন্থমালা
Series Title | গ্রন্থমালা অাখ্যা A Cedar Special; No. 50
650 ## - SUBJECT ADDED ENTRY--TOPICAL TERM | বিষয় শিরোনাম - মূল বিষয়
Topical term | মূল বিষয় Christianity - religion
850 ## - HOLDING INSTITUTION
Holding institution LCLIB
942 ## - ADDED ENTRY ELEMENTS (KOHA)
Koha item type Books
Holdings
Withdrawn status Lost status Source of classification Damaged status Not for loan Home library Current library Date acquired Total Checkouts Full call number Accession No. Date last seen Price effective from Koha item type Coded location qualifier
    Dewey Decimal Classification     Loreto College Loreto College 04/11/2013   232.9 OUR 11551 B25968 04/11/2013 04/11/2013 Books